| 000 | 02208nam a2200409 i 4500 | ||
|---|---|---|---|
| 001 | 000039139 | ||
| 003 | DO-SdBNP | ||
| 005 | 20231003133304.0 | ||
| 007 | ta | ||
| 008 | 090701s2003 dr d r 000 0 spa d | ||
| 020 | _a9993430501 | ||
| 040 |
_aDO-SdBNP _bspa _cBNPHU _erda |
||
| 082 | 4 |
_a330.97293 _bC744n, 2002 _222 |
|
| 111 | 2 |
_aConcurso Biblioteca ¨Juan Pablo Duarte¨ 2002 _d(2002 : Santo Domingo) _984334 |
|
| 245 | 0 | 0 |
_aNueva literatura económica dominicana : _bpremios de la Biblioteca Juan Pablo Duarte 2002 / _cedición, Ramón Pereyra ; Amelia U. Santos Paulino, José Roberto Sánchez Fung, Rolando Reyes ; prólogo, Roberto E. Liz. |
| 264 |
_aSanto Domingo : _bBanco Central de la República Dominicana, _c2003. |
||
| 300 |
_a191 páginas : _bilustraciones, gráficos, _c24 cm. |
||
| 336 |
_2rdacontent _atexto _btxt |
||
| 337 |
_2rdamedia _asin mediación _bn |
||
| 338 |
_2rdacarrier _avolumen _bnc |
||
| 490 | 0 |
_aBanco Central de la República Dominicana ; _v59 |
|
| 490 | 0 |
_aNueva literatura económica _v6 |
|
| 500 | _aIncluye referencias bibliográficas y notas al pie de las páginas. | ||
| 505 | 0 |
_aAnálisis de la ley de seguridad social y su impacto económico / _rEdwin a. Guerra -- _aLa alquimia de los índices generales de precios / _rOsvaldo R. Montalvo -- |
|
| 586 | _aPremios del Concurso de Biblioteca "Juan Pablo Duarte" 2002 | ||
| 590 | _aInventariado, 2023/BT | ||
| 650 | 4 |
_aPolítica monetaria _zRepública Dominicana _95998 _vCongresos, conferencias, etc. |
|
| 650 | 4 |
_aÍndice general de precios _vCongresos, conferencias, etc. _984335 |
|
| 650 | 4 |
_aSeguridad social _xAspectos económicos _zRepública Dominicana _984336 _vCongresos, conferencias, etc. |
|
| 651 | 4 |
_aRepública Dominicana _xCondiciones económicas _9281 _vCongresos, conferencias, etc. |
|
| 651 | 4 |
_aRepública Dominicana _xPolítica económica _9643 _vCongresos, conferencias, etc. |
|
| 700 | 1 | 2 |
_aLiz, Roberto E., _eprólogo _937488 |
| 710 | 2 |
_aBanco Central de la República Dominicana. _bDepartamento Cultural _97006 |
|
| 830 |
_aBanco Central de la República Dominicana ; _n56 _pNueva literatura económica; 6 _984342 |
||
| 910 | _aBtavárez/Validado. Control de calidad MFF | ||
| 942 |
_2ddc _cLBS1 |
||
| 999 |
_c38629 _d38629 |
||